|
|
|
|
| LEADER |
00000cam a2200000 ca4500 |
| 001 |
1111625980 |
| 003 |
DE-627 |
| 005 |
20220515141527.0 |
| 007 |
tu |
| 008 |
941020m19949999gw ||||| 00| ||ger c |
| 015 |
|
|
|a 94,N34,0168
|2 dnb
|
| 016 |
7 |
|
|a 941480224
|2 DE-101
|
| 035 |
|
|
|a (DE-627)1111625980
|
| 035 |
|
|
|a (DE-576)041625986
|
| 035 |
|
|
|a (DE-599)DNB941480224
|
| 040 |
|
|
|a DE-627
|b ger
|c DE-627
|e rakwb
|
| 041 |
|
|
|a ger
|
| 044 |
|
|
|c XA-DE-BW
|
| 084 |
|
|
|a 1
|2 ssgn
|
| 100 |
1 |
|
|e Verf.
|0 (DE-588)118561456
|0 (DE-627)133380467
|0 (DE-576)161689396
|4 aut
|a Kerényi, Karl
|d 1897-1973
|
| 109 |
|
|
|a Kerény, Karl 1897-1973
|a Kerenʹi, Karl 1897-1973
|a Kerenji, Karl 1897-1973
|a Kerenyi, Carl 1897-1973
|a Kerényi, Carolus 1897-1973
|a Kerenʹi, Karoj 1897-1973
|a Kerenji, K. 1897-1973
|a Kerenyi, K. 1897-1973
|a Kerényi, K. 1897-1973
|a Kerényi, Ch. 1897-1973
|a Kerényi, Carolo 1897-1973
|a Kerényi Ch. Karl 1897-1973
|a Kerényi, Karl 1897-1973
|a Kerényi, Károly 1897-1973
|a Kerényi, Carl 1897-1973
|a Kerényi, Carlo 1897-1973
|a Kerényi, Charles 1897-1973
|a Kerēnii, Kāru 1897-1973
|a Kerényi, C. 1897-1973
|a Kerenyi, Carolo 1897-1973
|
| 243 |
1 |
0 |
|a Sammlung
|
| 245 |
1 |
0 |
|a Werke in Einzelausgaben
|c Karl Kerényi. Hrsg. von Magda Kerényi
|
| 264 |
|
1 |
|a Stuttgart
|b Klett-Cotta
|c 1994-
|
| 336 |
|
|
|a Text
|b txt
|2 rdacontent
|
| 337 |
|
|
|a ohne Hilfsmittel zu benutzen
|b n
|2 rdamedia
|
| 338 |
|
|
|a Band
|b nc
|2 rdacarrier
|
| 700 |
1 |
|
|e Hrsg.
|0 (DE-588)116139153
|0 (DE-627)077661389
|0 (DE-576)29030136X
|4 edt
|a Kerényi, Magda
|d 1914-2004
|
| 935 |
|
|
|a mteo
|
| 951 |
|
|
|a MC
|
| ELC |
|
|
|b 1
|
| ITA |
|
|
|a 1
|
| LOK |
|
|
|0 000 xxxxxcx a22 zn 4500
|
| LOK |
|
|
|0 001 2241081248
|
| LOK |
|
|
|0 003 DE-627
|
| LOK |
|
|
|0 004 1111625980
|
| LOK |
|
|
|0 005 19990211000000
|
| LOK |
|
|
|0 008 981127||||||||||||||||ger|||||||
|
| LOK |
|
|
|0 040
|a DE-21-35
|c DE-627
|d DE-21-35
|
| LOK |
|
|
|0 852
|a DE-21-35
|
| LOK |
|
|
|0 852 1
|c Einzelsignatur
|m p
|9 00
|
| LOK |
|
|
|0 938
|k p
|
| LOK |
|
|
|0 939
|a 27-11-98
|b l01
|
| LOK |
|
|
|0 000 xxxxxcx a22 zn 4500
|
| LOK |
|
|
|0 001 2632060478
|
| LOK |
|
|
|0 003 DE-627
|
| LOK |
|
|
|0 004 1111625980
|
| LOK |
|
|
|0 005 20100414110956
|
| LOK |
|
|
|0 008 100414||||||||||||||||ger|||||||
|
| LOK |
|
|
|0 040
|a DE-21-46
|c DE-627
|d DE-21-46
|
| LOK |
|
|
|0 852
|a DE-21-46
|
| LOK |
|
|
|0 852 1
|m p
|9 00
|
| LOK |
|
|
|0 938
|a 1004
|
| LOK |
|
|
|0 938
|k p
|
| LOK |
|
|
|0 939
|a 14-04-10
|b l01
|
| ORI |
|
|
|a SA-MARC-ixtheoa001.raw
|
| REL |
|
|
|a 1
|
| SPR |
|
|
|a 1
|t IXT
|t REL
|
| SUB |
|
|
|a REL
|